La educación primaria en Chile

Uloženo v:
Podrobná bibliografie
Korporativní autor: Ministerio de Educación Pública. Dirección General de Educación Primaria (Autor)
Médium: Kniha
Jazyk:španělština
Vydáno: Santiago Escuela Nacional de Artes Gráficas 1947
Témata:
Tagy: Přidat tag
Žádné tagy, Buďte první, kdo vytvoří štítek k tomuto záznamu!

MARC

LEADER 00000nam a2200000 a 4500
001 UCZ5941
003 CL-VaPUC
008 951130e19470000CL |||||||||||||||||spa|d
082 0 4 |a 372  |b MIN  |2 21 
110 2 |a Ministerio de Educación Pública. Dirección General de Educación Primaria  |e author  |9 350147 
245 1 3 |a La educación primaria en Chile 
300 |a 31 p 
942 |c BK 
945 |d 19951130 00:00:00  |a rleighto 
260 |a Santiago  |b Escuela Nacional de Artes Gráficas  |c 1947 
650 0 |a Educación básica   |9 224933 
650 0 |a Escuelas  |9 308582 
651 7 |a CHILE  |2 CL-VaPUC  |9 350148 
583 |a last modification  |c 20170726 04:54:35  |k Rodrigo Vera 
999 |c 242214  |d 242212 
952 |0 0  |1 0  |4 0  |6 372_000000000000000_MIN_1947  |7 0  |8 P  |9 255005  |a BIBEDU  |b BIBEDU  |c BIBEDU_PB  |d 2019-11-19  |i 3153509  |o 372 MIN 1947  |p 3153509  |r 2024-01-25  |w 2019-11-19  |y BK  |k EDU